| 000 | 00511pab a2200169 454500 | ||
|---|---|---|---|
| 008 | 180718b2005 xxu||||| |||| 00| 0 eng d | ||
| 100 | _aBiesebroeck, Johannes Van | ||
| 245 | _aFirm size matters: growth and productivity growth in African manufacturing | ||
| 260 | _c2005 | ||
| 300 | _ap.545-83. | ||
| 362 | _aApr | ||
| 650 | _aProductivity - Africa | ||
| 650 | _aManufacturing industry - Africa | ||
| 650 | _aManufacturing industry | ||
| 773 | _aEconomic Development and Cultural Change | ||
| 909 | _a65604 | ||
| 999 |
_c65604 _d65604 |
||